00601nam a2200169Ia 4500008004000000020001800040082001700058100001700075245002600092260005300118300001200171650002700183690002300210906001100233999001900244952016800263210210b2004 xxu||||| |||| 00| 0 eng d a81 203 0116 1 a658.001 DEAM aDEAN (Joel). aManagerial economics. aNDbPrentice-Hall of India Private Limitedc2004 axiv,621 aManagerial Economics  aBusiness Economics a059538 c106918d106918 001040708ManagementaALbALcManagementd2021-02-17eHigginbothams (P) Ltd., Mangalore 01.g250.00l0o658.001 DEAMp059538r2021-02-17 00:00:00w2021-02-17yBK